Responses for show #7585 - Friday, July 28, 2017

Last game of Season 33.

Contestants

Dan Viafore, an audio engineer from Los Angeles, California

Mary Duffy, a games editor from Louisville, Colorado

Shadi Peterman, a high school history teacher from St. Louis, Missouri (whose 1-day cash winnings total $6,800)

Jeopardy! Round responses

HELLO, SUCKER!
STEPHEN KING'S BAD FOLKS
COUNTRIES OF THE WORLD
TOYS & GAMES
TV FOR THEE
IN VULNERABLE
(Alex: Each correct response will be a word made up of some of the letters in "vulnerable".)
    $200 4
the lemon (or lime)

Dan
    $200 23
Misery

Dan
    $200 1
Greece

Dan
    $200 11
Monopoly

Dan
    $200 7
General Hospital

Dan
    $200 18
a level

Shadi
    $400 5
vampire

Mary
    $400 6
Jack Torrance

Mary
    $400 2
(Mary: What is France?)

the Russian Federation

Mary
Triple Stumper
    $400 12
LeapFrog

Shadi
    $400 8
David Letterman

Mary
    $400 19
a blur

Shadi
    $600 14
thumb-sucking

Dan
    $600 24
Carrie

Mary
    $600 3
Burkina Faso

Mary
    $600 13
Candy Land

Mary
    $600 29
Lloyd Bridges

Dan
    $600 20
Burl

Mary
    $800 15
a vacuum cleaner

Mary
    $800 16
The Dead Zone

Triple Stumper
    $800 9
[ERRATUM: "It's" should be "Its" in the clue.]

Liechtenstein

Shadi
    $2,400 21
Twister

Mary
    $800 27
The Six Million Dollar Man

Mary
    $800 22
nerve

Mary
    $1000 25
(Dan: What are lampreys?)

remora

MaryDan
    $1000 17
Pennywise

Shadi
    $1000 10
(Shadi: What is Yemen?)
(Mary: What is Oman?)

Qatar

ShadiMary
Triple Stumper
    $1000 26
Tinker Toys

Mary
    $1000 28
Wendy Williams

Triple Stumper
    $1000 30
lave

Shadi

Scores at the first commercial break (after clue 15):

Shadi Mary Dan
$200 $1,800 $1,400

Scores at the end of the Jeopardy! Round:

Shadi Mary Dan
$2,800 $9,000 $1,200

Double Jeopardy! Round responses

WORDS OF WISDOM
MEDICAL "E"s
PLAN
9
FROM OUTER SPACE
& OTHER ODD FILMS
    $400 3
sage

Shadi
    $400 6
the eardrum

Mary
    $400 12
(Shadi: What is Portugal?)

Mexico

Shadi
Triple Stumper
    $400 13
(Dan: [*]? Uh, what is [*]?)

billiards

Dan
    $400 20
(Alex: Remember, on the moon?)

a golf ball

Triple Stumper
    $400 1
Elvis

Dan
    $800 4
discreet

Mary
    $800 5
emphysema

Shadi
    $800 19
Panama

Shadi
    $800 14
earth, wind (or air), water and fire

Mary
    $3,000 21
(Alex: It occurred in 1998.)

Clinton

Shadi
    $800 2
a zombie

Shadi
    $1200 8
shrewd

Triple Stumper
    $1200 7
Ebola

Dan
    $1200 28
Asia

Mary
    $1200 27
Kennedy

Mary
    $1200 22
(absentee) ballots

Dan
    $1200 16
a lobster

Shadi
    $1600 9
(Mary: What is sympathy?)

tact

ShadiMary
    $1600 10
endorphins

Mary
    $4,000 24
(Alex: And we have less than a minute to go now.)

a Five-Year Plan

Mary
    $1600 26
the Valkyrie

Shadi
    $1600 23
the Columbia

Mary
    $1600 15
Donnie Darko

Shadi
    $2000 18
rational

Triple Stumper
    $2000 11
ectopic

Shadi
    $2000 29
[The end-of-round signal sounds.]

World War I

Dan
    $2000 25
Louis

Dan
    $2000 17
Eraserhead

Mary

Scores at the end of the Double Jeopardy! Round:

Shadi Mary Dan
$16,200 $21,000 $8,400

[wagering suggestions for these scores]

Final Jeopardy! Round responses

21st CENTURY THOUGHT
(Alex: [To Mary] We're talking about [*], the highly improbable.)
DanWhat is Poisonwood
$1,201
ShadiWhat is The Tipping Point?
$5,000
MaryWhat is Australopithicus
$11,401
the black swan

Final scores:

Shadi Mary Dan
$11,200 $9,599 $7,199
2-day champion: $18,000 2nd place: $2,000 3rd place: $1,000

Game dynamics:

Coryat scores:

Shadi Mary Dan
$14,000 $17,000 $8,400
16 R
(including 1 DD),
2 W
22 R
(including 2 DDs),
3 W
13 R,
1 W

Combined Coryat: $39,400

The J! Archive is created by fans, for fans. The Jeopardy! game show and all elements thereof, including but not limited to copyright and trademark thereto, are the property of Jeopardy Productions, Inc. and are protected under law. This website is not affiliated with, sponsored by, or operated by Jeopardy Productions, Inc. Join the discussion at JBoard.tv.